| 000 | 00955nam a2200289 i 4500 | ||
|---|---|---|---|
| 001 | bg | ||
| 100 | 1 |
_aPenrose, Roger _d(1931- ). |
|
| 245 | 1 | 0 |
_aDroga do rzeczywistości : _bwyczerpujący przewodnik po prawach rządzących Wszechświatem / _cRoger Penrose ; przeł. Jerzy Przystawa. |
| 246 | 1 |
_iTyt. oryg.: _aRoad to reality |
|
| 260 |
_aWarszawa : _bPrószyński i S-ka, _c[ca 2006]. |
||
| 300 |
_aXXIII, 1111, [1] s. : _bil. ; _c25 cm. |
||
| 500 | _aTyt. oryg.: "The road to reality" 2004. | ||
| 504 | _aBibliogr. s. 1009-1056. Indeksy. | ||
| 650 | 9 | _aKosmologia | |
| 650 | 9 | _aFizyka | |
| 650 | 9 | _aMatematyka | |
| 700 | 1 |
_aPrzystawa, Jerzy _d(1939- ). |
|
| 020 | _a9788374691796 | ||
| 040 | _cBPK | ||
| 041 | 1 |
_apol _heng |
|
| 044 | _aPOL | ||
| 080 | _a524.8:51:53 | ||
| 920 | _a978-83-7469-179-6 | ||
| 942 | _cKS | ||
| 008 | s pl f |000 0 pol | ||
| 999 |
_c55943 _d55943 |
||
| 856 |
_uhttp://koha.tu.koszalin.pl/cgi-bin/koha/opac-detail.pl?biblionumber=55943 _yKatalog online BPK |
||